Textbook of Prosthodontics (Record no. 22800)

MARC details
000 -LEADER
fixed length control field 00392nam a22001697a 4500
003 - CONTROL NUMBER IDENTIFIER
control field SGT
020 ## - INTERNATIONAL STANDARD BOOK NUMBER
International Standard Book Number 9789351524441
082 ## - DEWEY DECIMAL CLASSIFICATION NUMBER
Classification number 617.69
Item number P17N
100 ## - MAIN ENTRY--PERSONAL NAME
Personal name Nallaswamy, Deepak
245 ## - TITLE STATEMENT
Title Textbook of Prosthodontics
250 ## - EDITION STATEMENT
Edition statement 2nd
260 ## - PUBLICATION, DISTRIBUTION, ETC. (IMPRINT)
Place of publication, distribution, etc Delhi, India
Name of publisher, distributor, etc Jaypee Brothers
Year of Publication 2017
300 ## - PAGE DESCRIPTION
No. of Pages 1362
650 ## - SUBJECT ADDED ENTRY--TOPICAL TERM
Topical term or geographic name as entry element Prosthodontics
653 ## - KEYWORDS--INDEX TERM
Keyword term Prosthodontics
942 ## - ADDED ENTRY ELEMENTS (KOHA)
Source of classification or shelving scheme Dewey Decimal Classification
Koha item type Books
942 ## - ADDED ENTRY ELEMENTS (KOHA)
-- 212
Holdings
Withdrawn status Lost status Source of classification or shelving scheme Damaged status Not for loan Home library Current library Date acquired Vendor Name Cost, normal purchase price SGTU Bill Number Total Checkouts Total Renewals Full call number Accession No. (Barcode) Date last seen Date last borrowed Bill Date Koha item type
    Dewey Decimal Classification     SGT Dental Library SGT Dental Library 10/06/2022 Ahuja Book Co. Pvt. Ltd. 2295.00 SGTU 14353 32 1 617.69 P17N FD8831 06/04/2026 06/04/2026 16/04/2022 Books
    Dewey Decimal Classification     SGT Dental Library SGT Dental Library 10/06/2022 Ahuja Book Co. Pvt. Ltd. 2295.00 SGTU 14353 72   617.69 P17N FD8832 31/03/2026 31/03/2026 16/04/2022 Books
    Dewey Decimal Classification     SGT Dental Library SGT Dental Library 10/06/2022 Ahuja Book Co. Pvt. Ltd. 2295.00 SGTU 14353 41   617.69 P17N FD8833 08/10/2025 08/10/2025 16/04/2022 Books
    Dewey Decimal Classification     SGT Dental Library SGT Dental Library 10/06/2022 Ahuja Book Co. Pvt. Ltd. 2295.00 SGTU 14353 60   617.69 P17N FD8834 23/03/2026 09/03/2026 16/04/2022 Books
    Dewey Decimal Classification     SGT Dental Library SGT Dental Library 10/06/2022 Ahuja Book Co. Pvt. Ltd. 2295.00 SGTU 14353 56   617.69 P17N FD8835 23/03/2026 23/03/2026 16/04/2022 Books